Statystyki dla Quiz o sonic 1i2

Kliknij tutaj aby rozwiązać quiz!

Ogólne statystyki

  • Ten quiz został rozwiązany 40 razy
    (10 od ostatniego zresetowania)
  • Średni wynik to 4 z 7

Statystyki odpowiedzi

PytanieOdpowiedź% Poprawnych
Jaki kolor ma Sonicniebieski
100%
Jaki kolor oczu ma Soniczielony
100%
Jaki jest najlepszy kumpel Sonic w drugiej częściTails
88%
Jaki jest największy wróg Sonicdoktor Eggman
75%
Jak się nazywała mama Sonica z pierwszej częściSzpona
25%
Na jaką planetę Sonic wysłał doktora eggmanaplanetę grzybów
13%
Gdzie Sonic zdobył kompas który miał go doprowadzić do głównego szmaragduna syberi
0%

Rozkład punktacji

Percentyl według liczby udzielonych odpowiedzi

Procent ludzi z każdym wynikiem

Twoja historia wyników

Nie rozwiązałeś tego quizu od ostatniego zresetowania